LEADER 00984nam0-22003011i-450- 001 990007524060403321 005 20100122144525.0 035 $a000752406 035 $aFED01000752406 035 $a(Aleph)000752406FED01 035 $a000752406 100 $a20030814d1967----km-y0itay50------ba 101 0 $aita 102 $aIT 105 $ay-------001yy 200 1 $a<>Subasio$epaesaggio, ambiente, economia$ericerche di geoeconomia in Umbria dell'Istituto di Geografia Economica della Università di Perugia$fRenzo Battistella 210 $aBologna$cCalderini$dc1967 215 $a67 p., 4 c. di fot.$d24 cm 610 0 $aUmbria$aSubasio 700 1$aBattistella,$bRenzo$f<1906-1980>$0342648 712 02$aUniversità degli studi di Perugia.$bIstituto di geografia economica 801 0$aIT$bUNINA$gRICA$2UNIMARC 901 $aBK 912 $a990007524060403321 952 $aE-08-049$bIst. 8969$fILFGE 959 $aILFGE 996 $aSubasio$9684039 997 $aUNINA LEADER 01023nam0-22003371i-450- 001 990008039040403321 005 20050406092739.0 035 $a000803904 035 $aFED01000803904 035 $a(Aleph)000803904FED01 035 $a000803904 100 $a20050406d1968----km-y0itay50------ba 101 0 $afre$agrc 102 $aFR 105 $ay-------001yy 200 1 $aSur le Saint - esprit$fBasile de Césarée$gintroduction, texte, traduction et notes par Benoit Pruche 205 $a2. ed entièrement refondue 210 $aParis$cLes editions du Cerf$d1968 215 $a552 p.$d20 cm 225 1 $aSources chrétiennes$v17 311 $aBIS 676 $a231$v21$zita 700 0$aBasilius :$cCaesariensis$c$0396939 702 1$aPruche,$bBenoit 801 0$aIT$bUNINA$gRICA$2UNIMARC 901 $aBK 912 $a990008039040403321 952 $aDDR-Fonti II- Basilius Ed.2 de spir. Sanct.1$b1807 ddr$fDDR$m21-5574 959 $aDDR 996 $aSur le Saint-Esprit$9303346 997 $aUNINA LEADER 00988nam0-2200361 --450 001 9910633599503321 005 20250612102621.0 010 $a978-88-7812-347-2 100 $a20221221d2022----kmuy0itay5050 ba 101 0 $aita 102 $aIT 105 $aa 001yy 200 1 $aIdentificatori$fLaura Manzoni 210 $aRoma$cAssociazione italiana biblioteche$d2022 215 $a45 p.$cill.$d17 cm 225 1 $aET$eEnciclopedia tascabile$v47 610 0 $aBibliografia 610 0 $aBiblioteconomia 676 $a025.3222$v23$zita 700 1$aManzoni,$bLaura$f<1993- >$01268558 801 0$aIT$bUNINA$gREICAT$2UNIMARC 901 $aBK 912 $a9910633599503321 952 $a02-099$b25410$fFI1 952 $aII 33$b871 cos$fDDCIC 952 $aCollez. 3214 (47)$b1667/2023$fFSPBC 952 $aMAN025.322A$b6088$fDECBC 959 $aFI1 959 $aDDCIC 959 $aFSPBC 959 $aDECBC 996 $aIdentificatori$92984048 997 $aUNINA